00454nam a2200193Ia 4500003000400000005001700004008004100021020001400062040000700076041000800083082001500091100004000106245002800146260003100174300001400205365001400219650001200233650001500245OSt20230329111830.0210423s2004 xx 000 0 und d a262101017 cAL aeng a070.1 JENH aJENKINS (Henry);THORBURN (David),Ed aDemocracy and new media aNew DelhibMIT Pressc2004 ax,385bPB b2112cINR aGeneral aMass Media